Представление документа в формате MARC21

Поле Инд. ПП Название Значение
Тип записи a
Библиографический уровень m
001 Контрольный номер 1fb7e3ea-2f9d-4dcb-9d06-5e63f3ce5e28
005 Дата корректировки 20140703140348.7
008 Кодируемые данные 051019
020 a ISBN 5-238-00969-0
c Цена, тираж 88.00
040 a Служба первич. каталог. НБ ТвГУ
041 a Код языка текста rus
080 a Индекс УДК 330.4(075.8)
084 a Индекс другой классификации/Индекс ББК У.в631.0я73-1
090 x Авторский знак К60
a Полочн. индекс У.в631
100 1_ a Автор Колемаев Владимир Алексеевич
245 10 a Заглавие Экономико-математическое моделирование
b Продолж. заглавия моделирование макроэкон. процессов и систем : учеб. для студентов вузов, обучающихся по специальности 061800 "Мат. методы в экономике"
c Ответственность В. А. Колемаев
260 0_ a Место издания Москва
b Издательство ЮНИТИ
c Дата издания 2005
300 a Объем 295 с.
b Иллюстрации/ тип воспроизводства ил.
504 a Библиография Библиогр.: с. 292-293.
583 a Действие Получение впервые 297 14.10.2005
k Исполнитель действия ООО "Издательство ЮНИТИ-ДАНА"
583 a Действие Приписка 102 03.04.2006
k Исполнитель действия ООО "Издательство ЮНИТИ-ДАНА"
650 a Основная рубрика Экономика
x Основная подрубрика Математические методы
650 a Основная рубрика Экономико-математические методы и модели
x Основная подрубрика Учебники для вузов
650 a Основная рубрика Макроэкономика
x Основная подрубрика Моделирование
653 a Ключевые слова Экономика
a Ключевые слова Математические методы в экономике
a Ключевые слова Экономико-математические методы
a Ключевые слова Экономико-математические модели
a Ключевые слова Моделирование экономических процессов
a Ключевые слова Макроэкономика
a Ключевые слова Математическое моделирование
852 t Порядковый номер экземпляра 6
p Инвентарный номер 821140
p Инвентарный номер 836781
p Инвентарный номер 836782
p Инвентарный номер 836783
p Инвентарный номер 836784
p Инвентарный номер 836785
863 t 00109750
863 t 00145901
863 t 00145902
863 t 00145903
863 t 00145904
863 t 00145905
888 a За счет средств университета
930 a Новая/Ретро учебники
952 p 297.2005 88.00 1 821140
p 102.2006 88.00 1 836781
p 102.2006 88.00 1 836782
p 102.2006 88.00 1 836783
p 102.2006 88.00 1 836784
p 102.2006 88.00 1 836785
c Вид литературы К ру
954 a Дата поступления на обработку 20051028
999 a Подразделение 2 Фил1